Anda que te anda (Record no. 54941)

MARC details
000 -LEADER
campo de control de longitud fija 00613nam a2200193 i 4500
001 - NÚMERO DE CONTROL
campo de control 54941
003 - IDENTIFICADOR DE NÚMERO DE CONTROL
campo de control ES-MaACL
005 - FECHA Y HORA DE LA ÚLTIMA TRANSACCIÓN
campo de control 20250511094119.0
007 - CAMPO FIJO DE DESCRIPCIÓN FÍSICA--INFORMACIÓN GENERAL
campo de control de longitud fija t|
008 - DATOS DE LONGITUD FIJA--INFORMACIÓN GENERAL
campo de control de longitud fija 920725s1954 sp |||| | spa d
080 ## - NÚMERO DE LA CLASIFICACIÓN DECIMAL UNIVERSAL
Número de la Clasificación Decimal Universal 86-992"19"
100 0# - ENTRADA PRINCIPAL--NOMBRE DE PERSONA
Nombre de persona K-Hito.
9 (RLIN) 142494
245 10 - MENCIÓN DEL TÍTULO
Título Anda que te anda
Resto del título : crónicas viajeras /
Mención de responsabilidad, etc. K-Hito [seud.] ; prólogo de Fernando Castán Palomar.
260 ## - PUBLICACIÓN, DISTRIBUCIÓN, ETC.
Lugar de publicación, distribución, etc. [Madrid] :
Nombre del editor, distribuidor, etc. Anaquel de "Dígame",
Fecha de publicación, distribución, etc. [1954] (
Fabricante La Editorial Católica)
300 ## - DESCRIPCIÓN FÍSICA
Extensión 288 p. ;
Dimensiones 21 cm.
700 1# - ENTRADA AGREGADA--NOMBRE PERSONAL
Nombre de persona Castán Palomar, Fernando,
Fechas asociadas al nombre 1898-1963
9 (RLIN) 36390
852 ## - LOCALIZACIÓN
Ubicación ES-MaACL
Número de control de estantería C-10087
Holdings
Estatus retirado Estado de pérdida Estado de daño No para préstamo Biblioteca de origen Biblioteca actual Ubicación en estantería Fecha de adquisición Fuente de adquisición Total de préstamos Signatura topográfica completa Código de barras Visto por última vez Precio de reemplazo Tipo de ítem Koha
        Biblioteca del Ateneo de Madrid Biblioteca del Ateneo de Madrid Sala Palomar 17/01/2008     C-10087 1057736 23/02/2023 23/02/2023 Libro impreso